Normal view
MARC view
- BUSINESS COMMUNICATION. INTERPERSONAL COMMUNICATION
Entry Topical Term
001 - CONTROL NUMBER
- control field: 64393
003 - CONTROL NUMBER IDENTIFIER
- control field: NUST
005 - DATE AND TIME OF LATEST TRANSACTION
- control field: 20210628203251.0
008 - FIXED-LENGTH DATA ELEMENTS
- fixed length control field: 210628|| aca||aabn | a|a d
040 ## - CATALOGING SOURCE
- Original cataloging agency: NUST
- Transcribing agency: NUST
150 ## - HEADING--TOPICAL TERM
- Topical term or geographic name entry element: BUSINESS COMMUNICATION. INTERPERSONAL COMMUNICATION
670 ## - SOURCE DATA FOUND
- Source citation: Work cat.: (NUST): Adler, Ronald B, Elmhorst, J.Marquardt 64392, Methods, standards, and work design, principles and practices for business and the professions, 2005
